000 00321nam a22001337a 4500
008 170616b xxu||||| |||| 00| 0 eng d
020 _a0268004765
041 _aeng
080 _a32
100 _a20
101 _aSHP
245 _aUGANDA: A CASE STUDY IN AFRICAN POLITICAL DEVELOPMENT
_cGIKIINA,P.M
942 _2udc
_cBK
999 _c17942
_d17942